Statistiken für Deutsche Fußballclub Logos #2

Klicken Sie hier um das Quiz zu spielen!

Allgemein

  • Dieses Quiz wurde 203 mal gespielt
  • Das Durchschnittsergebnis liegt bei 20 aus 36

Antwortstatistiken

Antwort% Korrekt
VfL Osnabrück
95%
FC Erzgebirge Aue
94%
SV Sandhausen
94%
SSV Jahn Regensburg
91%
Holstein Kiel
88%
1. FC Magdeburg
85%
FC Viktoria Köln
84%
FC Carl Zeiss Jena
82%
SV Wehen Wiesbaden
80%
FSV Frankfurt
79%
VfB Lübeck
78%
SV Meppen
77%
Hallescher FC
74%
SV Elversberg
72%
FSV Zwickau
71%
Chemnitzer FC
69%
Würzburger Kickers
63%
VfB Oldenburg
61%
VfR Aalen
56%
FC Rot-Weiß Erfurt
55%
SpVgg Bayreuth
55%
Wacker Burghausen
49%
1. FC Schweinfurt 05
47%
TSV Havelse
46%
Eintracht Trier
45%
Rot Weiss Ahlen
44%
TuS Koblenz
43%
KSV Hessen Kassel
38%
FK Pirmasens
23%
Wormatia Worms
17%
Viktoria Aschaffenburg
13%
Westfalia Herne
11%
Freiburger FC
7%
SG Union Solingen
5%
FC Hanau 93
4%
Rot-Weiß Lüdenscheid
4%

Verteilung der Resultate

Perzentil nach korrekt beantworteten Fragen

Anzahl Personen mit jedem Resultat

Ihre Resultats-Entwicklung

Sie haben dieses Quiz noch nicht gespielt